000 01083nam a2200265 i 4500
001 18304
003 ES-MaACL
005 20250603183443.0
007 t|
008 011122s1948 sp |||| | spa d
080 _a338.23(460)"18":336.74
080 _a338.1(460)"18"
100 1 _aSardá Dexeus, Juan (
_d1910-1995)
_9103788
245 1 3 _aLa política monetaria y las fluctuaciones de la economía española en el siglo XIX /
_cJuan Sardá.
260 _a[Madrid] :
_bInstituto de Economía "Sancho de Moncada",
_c[1948]
300 _a366 p. ;
_c22 cm.
490 1 _aHistoria de las doctrinas e instituciones económicas ;
_v3
500 _aPrecede al tít.: Consejo Superior de Investigaciones Científicas.
651 4 _aEspaña-
_xPolítica monetaria-
_yS.XIX
_98438
651 4 _aEspaña-
_xSituación económica-
_yS.XIX.
_98504
710 2 _aInstituto de Economía "Sancho de Moncada"
_94867
830 0 _aHistoria de las doctrinas e instituciones económicas ;
_v3
_9228788
852 _aES-MaACL
_jAND-136
_z. - Biblioteca Juan Andrade
999 _c18304
_d18304